00871naa#a2200169#i#4500001001600000005001700016011001400033100004100047102000700088200026000095210011900355215001100474608004500485675009500530700005200625856002400677RU\\bibl\12165120260602210016.2##a2073-0454##a20251219b2025####ek#y0rusy0150####ca##aRU1#aБюджетные риски публично-правовых образований: от понятия к архитектуре комплаенса в контексте регионального развитияeЖурнальная статья1#aМоскваcМосковский университет МВД России имени В.Я. Кикотяd2025##a10 с.##aЖурнальная статья2local##aГосударственный бюджет. Национальный бюджет. 336.14#1aШвецоваgИрина Николаевна4#amosumvd.editorum.ru